Clean development mechanism: An opportunity to mitigate carbon footprint from the energy sector of India (Record no. 55621)

MARC details
000 -LEADER
fixed length control field 00474nam a2200157Ia 4500
100 ## - MAIN ENTRY--AUTHOR NAME
Personal name Ranganathan K
245 #0 - TITLE STATEMENT
Title Clean development mechanism: An opportunity to mitigate carbon footprint from the energy sector of India
260 ## - PUBLICATION, DISTRIBUTION, ETC. (IMPRINT)
Name of publisher Current Science
Year of publication 2015
300 ## - PHYSICAL DESCRIPTION
Number of Pages 672-679
650 ## - SUBJECT ADDED ENTRY--TOPICAL TERM
Topical Term Carbon footprint
650 ## - SUBJECT ADDED ENTRY--TOPICAL TERM
Topical Term Clean development mechanism
650 ## - SUBJECT ADDED ENTRY--TOPICAL TERM
Topical Term Kyoto protocol
700 ## - ADDED ENTRY--PERSONAL NAME
Personal name Goyal M K
942 ## - ADDED ENTRY ELEMENTS (KOHA)
Koha item type Journals
Holdings
Withdrawn status Lost status Damaged status Not for loan Home library Current library Shelving location Date acquired Serial Enumeration / chronology Koha item type
      Journals RRII Library RRII Library Climate change 17/12/2021 Volume 109, Issue 4 Journals